000 00825nam a2200169 i 4500
001 184079
003 ES-MaACL
005 20230906222040.0
007 t|
008 150312q1902 xxu ||||1| spa d
245 0 0 _aInforme del secretario de Estado y Gobernación de Cuba por el período comprendido desde enero 1 a mayo 20 de 1902.
260 _a[Cuba :
_bs.n.,
_c1902?]
300 _a1 v. (pag. var.) ;
_c24 cm.
594 _aEn anteport.: Primera parte: Informes del doctor Diego Tamayo, secretario de Estado y Gobernación . Capitán H.J. Slocum, superintendente de la Guardia Rural . Capitán F.S. Foltz, superintendente de la Policía de la Habana y del señor M.C. Fosnes, director general de Correos.
651 4 _aCuba-
_xHistoria-
_y1899-1902, Intervención norteamericana.
_9149193
852 _aES-MaACL
_jG-6809
999 _c184079
_d184079